Biotechnological Polymers : Medical Pharmaceutical and Industrial Applications. A Conference in Print /

Guardado en:
Detalles Bibliográficos
Autor principal: Gebelein, Charles G (Autor)
Formato: Libro
Lenguaje:inglés
Publicado: Lancaster : Technomic Publishing Company, Inc., 1993
Etiquetas: Agregar Etiqueta
Sin Etiquetas, Sea el primero en etiquetar este registro!

MARC

LEADER 00000nam a22000003a 4500
001 stu22750
005 20150617225751.4
008 940905s1993----xxu-----------------eng-d
020 |a 1-56676-034-8 
040 |a STU  |b slo 
041 0 |a eng 
044 |a xxu 
080 |a 678.01 
100 1 |a Gebelein, Charles G  |4 aut 
245 1 |a Biotechnological Polymers :  |b Medical Pharmaceutical and Industrial Applications. A Conference in Print /  |c [aut.]Gebelein,Charles G 
260 |a Lancaster :  |b Technomic Publishing Company, Inc.,  |c 1993 
300 |a 222 s :  |b Tab.,grafy,lit 
996 |b C92976  |c C*92976  |l CCVIIIB  |s P  |a 0  |w stu22750_0001